Công nghệ dệt kim : Phần đan ngang
Enregistré dans:
| Auteur principal: | |
|---|---|
| Format: | Livre |
| Langue: | Undetermined |
| Publié: |
Thành phố Hồ Chí Minh
Đại Học Quốc Gia Thành phố Hồ Chí Minh
2003
|
| Sujets: | |
| Tags: |
Ajouter un tag
Pas de tags, Soyez le premier à ajouter un tag!
|
| Thư viện lưu trữ: | Trung tâm Học liệu Trường Đại học Cần Thơ |
|---|
| LEADER | 00631nam a2200205Ia 4500 | ||
|---|---|---|---|
| 001 | CTU_119732 | ||
| 008 | 210402s9999 xx 000 0 und d | ||
| 020 | |c 22000 | ||
| 082 | |a 677.024285 | ||
| 082 | |b Tr300 | ||
| 100 | |a Huỳnh, Văn Trí | ||
| 245 | 0 | |a Công nghệ dệt kim : | |
| 245 | 0 | |b Phần đan ngang | |
| 245 | 0 | |c Huỳnh Văn Trí | |
| 260 | |a Thành phố Hồ Chí Minh | ||
| 260 | |b Đại Học Quốc Gia Thành phố Hồ Chí Minh | ||
| 260 | |c 2003 | ||
| 650 | |a Knit goods industry,Textile fabrics | ||
| 904 | |i Minh | ||
| 980 | |a Trung tâm Học liệu Trường Đại học Cần Thơ | ||